| 000 | 00786nmc a2200289 a 4500 | ||
|---|---|---|---|
| 003 | AR-BaBNM | ||
| 005 | 20251128204617.0 | ||
| 008 | 057019s1993 ||||||||||||||000 | spa|| | ||
| 020 | _a950-11-0959-3 | ||
| 040 | _cAR-BaBNM | ||
| 100 | 1 | _aMalinow, Inés | |
| 245 | 1 | 0 | _aUn violoncello llamado Gómez |
| 260 |
_aBuenos Aires _bSigmar _c1993 |
||
| 300 | 0 |
_a71 p. _bil. |
|
| 490 | 0 | _aSueños de papel | |
| 500 | 0 | _aContiene biografía de la autora al final de la obra | |
| 650 | 4 | _aCUENTO INFANTIL | |
| 650 | 4 | _aCUENTOS DE AVENTURAS | |
| 653 | 0 | _aCUENTO FANTASTICO | |
| 653 | 0 | _aCUENTOS ARGENTINOS | |
| 653 | 0 | _aCUENTOS DE AMOR | |
| 655 | _aLITERATURA | ||
| 700 | 1 |
_aFranke, Adrián _eilustrador |
|
| 800 | 1 |
_aColella, Olga _ecoordinador |
|
| 942 | _cBK | ||
| 998 | _cMARTIN | ||
| 999 |
_c8109 _d8109 |
||